Statistiche per Province d'Italia selezionate random - Quiz con mappa

Clicka qui per fare il quiz!

Statistiche generali

  • Questo quiz è stato fatto 68 volte
  • Il punteggio medio è 15 su 20

Risposte nella Mappa

Le risposte nella mappa del quiz sottostante sono codificate secondo una scala di colori dal rosso al verde in base alla % di persone che hanno risposto correttamente.
 

Statistiche sulle risposte

Province% Corretto
Alessandria
100%
Aosta
100%
Asti
100%
Bari
100%
Belluno
100%
Benevento
100%
Biella
100%
Cagliari
100%
Caltanissetta
100%
Campobasso
100%
Cosenza
100%
Enna
100%
Firenze
100%
Foggia
100%
Genova
100%
Grosseto
100%
Imperia
100%
Lecce
100%
Modena
100%
Monza e Brianza
100%
Nuoro
100%
Padova
100%
Pesaro e Urbino
100%
Ragusa
100%
Reggio Calabria
100%
Roma
100%
Siracusa
100%
Sondrio
100%
Taranto
100%
Teramo
100%
Trapani
100%
Venezia
100%
Vercelli
100%
Vicenza
100%
Viterbo
100%
Bolzano
80%
Vibo Valentia
80%
Avellino
75%
Como
75%
Matera
75%
Salerno
75%
Terni
75%
Messina
71%
Pordenone
71%
Agrigento
67%
Barletta-Andria-
Trani
67%
Brescia
67%
Catanzaro
67%
Crotone
67%
Frosinone
67%
La Spezia
67%
Lodi
67%
Massa-Carrara
67%
Siena
67%
Verona
67%
Napoli
60%
Potenza
60%
Udine
60%
Rimini
57%
Ancona
50%
Brindisi
50%
Cremona
50%
Cuneo
50%
Fermo
50%
Lecco
50%
Lucca
50%
Medio Campidano
50%
Milano
50%
Olbia-Tempio
50%
Oristano
50%
Perugia
50%
Pescara
50%
Pisa
50%
Prato
50%
Reggio Emilia
50%
Sassari
50%
Torino
50%
Trento
50%
Treviso
50%
Trieste
50%
Verbano-Cusio-
Ossola
50%
Savona
40%
Arezzo
33%
Bergamo
33%
Chieti
33%
Gorizia
33%
Macerata
33%
Parma
33%
Pavia
33%
Ascoli Piceno
29%
L'Aquila
25%
Forlì-Cesena
20%
Ravenna
20%
Bologna
0%
Carbonia-Iglesias
0%
Caserta
0%
Catania
0%
Ferrara
0%
Isernia
0%
Latina
0%
Livorno
0%
Mantova
0%
Novara
0%
Ogliastra
0%
Palermo
0%
Piacenza
0%
Pistoia
0%
Rieti
0%
Rovigo
0%
Varese
0%

Distribuzione punteggi

Percentile per numero di risposta

Percentuale di utenti per punteggio

I tuoi punteggi nel tempo

Non hai fatto questo quiz